LIBRARY & INFORMATION CENTRE, KCAET, TAVANUR

ONLINE PUBLIC ACCESS CATALOGUE (OPAC)

Bhagavan Sreenarayana Paramahamsan / (Record no. 715)

MARC details
000 -LEADER
fixed length control field 00443cam a2200169ua 4500
041 ## - LANGUAGE CODE
Language code of text/sound track or separate title mal
082 ## - DEWEY DECIMAL CLASSIFICATION NUMBER
Classification number 922.94
Item number PAN/BH
100 ## - MAIN ENTRY--AUTHOR NAME
Personal name Panikker, K.K .
245 ## - TITLE STATEMENT
Title Bhagavan Sreenarayana Paramahamsan /
260 ## - PUBLICATION, DISTRIBUTION, ETC. (IMPRINT)
Place of publication Alappey :
Name of publisher K.Narayanan, Vidhyarambham press& book depot ,
Year of publication 1954.
300 ## - PHYSICAL DESCRIPTION
Number of Pages 418 ; .
942 ## - ADDED ENTRY ELEMENTS (KOHA)
Koha item type Books
Holdings
Withdrawn status Lost status Damaged status Home library Current library Date acquired Full call number Accession Number Koha item type
Withdrawn     KAUAET Malayalam University 07/04/2012 922.94 9408 Books
free website counter